Centro para la proyección de las artes y la bio diversidad : Puerto Jiménez, Península de Osa
Gespeichert in:
| 1. Verfasser: | |
|---|---|
| Weitere Verfasser: | |
| Format: | Buch |
| Sprache: | Spanish |
| Veröffentlicht: |
[San José , Costa Rica]
2019
|
| Schlagworte: | |
| Tags: |
Tag hinzufügen
Keine Tags, Fügen Sie den ersten Tag hinzu!
|
MARC
| LEADER | 00000nam a22000007a 4500 | ||
|---|---|---|---|
| 003 | EA0254 | ||
| 005 | 20230307085747.0 | ||
| 008 | 190703b2019 c a|||| ||m| 00| ||spa d | ||
| 040 | |c cru CEDI | ||
| 100 | |9 132 |a Valverde Chaves, Eduardo | ||
| 245 | |a Centro para la proyección de las artes y la bio diversidad : Puerto Jiménez, Península de Osa | ||
| 260 | |a [San José , Costa Rica] |c 2019 | ||
| 500 | |a Proyecto de graduación (licenciatura en arquitectura)--Universidad de Costa Rica. Facultad de Ingeniería. Escuela de Arquitectura | ||
| 501 | |a Director de Proyecto de Graduación: Arq. Mario Masís Segura | ||
| 650 | |x DISEÑO ARQUITECTONICO - PUERTO JIMENEZ (GOLFITO, PUNTARENAS, COSTA RICA) |x CENTROS DE DESARROLLO CULTURAL - DISEÑOS Y PLANOS - PUERTO JIMENEZ (GOLFITO, PUNTARENAS, COSTA RICA) |x ARQUITECTURA SOSTENIBLE - PUERTO JIMENEZ (GOLFITO, PUNTARENAS, COSTA RICA) |9 17353 | ||
| 700 | |9 133 |a Masís Segura, Mario, 1961- |d Director del TFG | ||
| 942 | |c CEDI |h TFG EA-254 |6 TFG_EA254 | ||
| 999 | |c 21731 |d 21731 | ||
